000 00480 a2200157 4500
003 Nust
005 20251008163845.0
040 _cNust
082 _a355.33,ARM
245 _aChronicles of The Mailed Fist Division (DNT)
_bHistory of Pakistan Army's 1st Armoured Division
260 _aIslamabad (Pakistan)
_bAgha Jee
_c2016
300 _a443 p
650 _aHistory of Pakistan Army's Armoured Division
_9131018
651 _aChronicles of The Mailed
_9131019
942 _2ddc
_cBK
999 _c218044
_d218044